书目信息 |
| 题名: |
汽车故障诊断技术
|
|
| 作者: | 王秀贞 主编 | |
| 分册: | ||
| 出版信息: | 西安 西安电子科技大学出版社 2007.02 |
|
| 页数: | 240页 | |
| 开本: | 26cm | |
| 丛书名: | ||
| 单 册: | ||
| 中图分类: | U472.42 | |
| 科图分类: | ||
| 主题词: | 汽车--qi che--故障诊断--高等学校--教材 | |
| 电子资源: | ||
| ISBN: | 978-7-5606-1784-8 | |
| 000 | 00925nam0 2200253 450 | |
| 001 | 012007746716 | |
| 005 | 20070927101404.34 | |
| 010 | @a978-7-5606-1784-8@dCNY19.00 | |
| 100 | @a20070629d2007 km y0chiy0120 ea | |
| 101 | 0 | @achi |
| 102 | @aCN@b610000 | |
| 105 | @aa a 000yy | |
| 200 | 1 | @a汽车故障诊断技术@Aqi che gu zhang zhen duan ji shu@f王秀贞主编@Fwang xiu zhen zhu bian |
| 210 | @a西安@c西安电子科技大学出版社@d2007.02 | |
| 215 | @a240页@c图@d26cm | |
| 300 | @a中国高等职业技术教育研究会推荐 | |
| 320 | @a有书目 (第240页)。 | |
| 330 | @a本书介绍了汽车发动机、底盘、电器等系统的故障诊断技术,重点突出了轿车新型配置如电控喷射发动机、自动变速器、防抱死制动系统等的故障诊断与检测技术。 | |
| 333 | @a面向21世纪机电类专业高职高专规划教材 | |
| 606 | 0 | @a汽车@Aqi che@x故障诊断@x高等学校@j教材 |
| 690 | @aU472.42@v4 | |
| 701 | 0 | @a王秀贞@Awang xiu zhen@4主编 |
| 801 | 0 | @aCN@c20070927 |
| 905 | @dU472.42@eW399 | |
| 汽车故障诊断技术/王秀贞主编.-西安:西安电子科技大学出版社,2007.02 |
| 240页:图;26cm |
| 中国高等职业技术教育研究会推荐.-使用对象:面向21世纪机电类专业高职高专规划教材 |
| ISBN 978-7-5606-1784-8:CNY19.00 |
| 本书介绍了汽车发动机、底盘、电器等系统的故障诊断技术,重点突出了轿车新型配置如电控喷射发动机、自动变速器、防抱死制动系统等的故障诊断与检测技术。 |
| ● |
| 相关链接 |
|
|
|
正题名:汽车故障诊断技术
索取号:U472.42/W399
 
预约/预借
| 序号 | 登录号 | 条形码 | 馆藏地/架位号 | 状态 | 备注 |
| 1 | 244239 | 202442393 | 自科库501/501自科库 57排6列5层/ [索取号:U472.42/W399] | 在馆 | |
| 2 | 244240 | 202442400 | 自科库501/501自科库 57排6列5层/ [索取号:U472.42/W399] | 在馆 | |
| 3 | 244241 | 202442419 | 自科库501/501自科库 57排6列5层/ [索取号:U472.42/W399] | 在馆 |